Tied Up-Starfall Lyric quiz - Statistics

General Stats
  • This quiz has been taken 17 times
  • The average score is 165 of 329
Answer Stats
Answer % Correct
s_
100%
all
67%
alone
67%
an
67%
And
67%
and
67%
are
67%
at
67%
back
67%
But
67%
but
67%
can
67%
can't
67%
cold
67%
could
67%
end
67%
I
67%
if
67%
If
67%
in
67%
into
67%
it
67%
it's
67%
like
67%
me
67%
my
67%
night
67%
now
67%
now,
67%
now?
67%
of
67%
on
67%
read
67%
said
67%
So
67%
take
67%
that
67%
the
67%
this
67%
tied
67%
time
67%
to
67%
too
67%
Too
67%
up,
67%
we
67%
were
67%
we're
67%
When
67%
when
67%
where
67%
wish
67%
with
67%
wonder
67%
yet
67%
You
67%
you
67%
you,
67%
your
67%
again
33%
Am
33%
bad,
33%
bad
33%
be
33%
closer
33%
decide
33%
Didn't
33%
die
33%
different
33%
disappear
33%
Don't
33%
don't
33%
down
33%
even
33%
gang,
33%
get
33%
girl,
33%
Girl,
33%
got
33%
had
33%
hoping
33%
Hoping
33%
I'll
33%
I'm
33%
intimate
33%
it'd
33%
I've
33%
know
33%
Know
33%
LA
33%
leave
33%
Leave
33%
Leaving
33%
love
33%
messages
33%
missing
33%
much?
33%
much
33%
not
33%
out
33%
picking
33%
reach
33%
really
33%
run
33%
see
33%
side
33%
sight
33%
Sometimes
33%
think
33%
tired
33%
Tired
33%
until
33%
want
33%
weren't
33%
what
33%
whether
33%
Wishing
33%
answer,
0%
asking
0%
attention
0%
baby,
0%
damage,
0%
disappear
0%
driving
0%
enemies,
0%
for
0%
Hope
0%
jump
0%
let
0%
mad
0%
many
0%
mentions
0%
nah
0%
never
0%
or
0%
Please
0%
talk
0%
wanna
0%
No matching quizzes found
Score Distribution
Percent of People with Each Score
Percentile by Number Answered
Your Score History
You have not taken this quiz